Darts Players By Image - Europe #1 - Statistics

General Stats
  • This quiz has been taken 54 times
  • The average score is 8 of 12
Answer Stats
Picture Answer % Correct
Jose de Sousa
91%
Martin Schindler
91%
Mensur Suljovic
89%
Boris Krcmar
80%
Mike de Decker
80%
Florian Hempel
73%
Jeffrey de Graaf
60%
Darius Labanauskas
58%
Wesley Plaisier
53%
Adam Gawlas
51%
Sebastian Bialecki
44%
Pascal Rupprecht
16%
No matching quizzes found
Score Distribution
Percent of People with Each Score
Percentile by Number Answered
Your Score History
You have not taken this quiz